000 00292nam a22001217a 4500
008 190316b xxu||||| |||| 00| 0 eng d
041 _aeng
080 _a043.3
100 _a0
101 _aSHJ-BA
245 _aFormat e Krimit te Organizuar ne Kosove 2005-2010
_cMaloku, D
942 _2udc
_cBK
999 _c54872
_d54872